header

Steadfast in the faith (Record no. 23594)

MARC details
000 -LEADER
fixed length control field 01703nam a22003374a 4500
082 04 - DEWEY DECIMAL CLASSIFICATION NUMBER
Classification number 282/.092
-- B
100 1# - MAIN ENTRY--AUTHOR NAME
Personal name MacGregor, Morris J.,
245 10 - TITLE STATEMENT
Title Steadfast in the faith
260 ## - PUBLICATION, DISTRIBUTION, ETC. (IMPRINT)
Place of publication Washington, D.C. :
Name of publisher Catholic University of America Press,
Year of publication c2006.
300 ## - PHYSICAL DESCRIPTION
Number of Pages xi, 426 p. :
Other physical details ill.
505 0# - FORMATTED CONTENTS NOTE
Formatted contents note A Scranton childhood -- A curate's education -- Catholic charities -- Other duties as assigned -- An organization man -- Pomp and circumstance -- Learning on the job -- Fighting Jim Crow -- A capital pulpit -- The measure of the man -- Vatican II -- A fretful man -- A civil rights crusader -- State in fide -- "What'll they think of next?" -- Finale.
650 #0 - SUBJECT ADDED ENTRY--TOPICAL TERM
Topical Term Cardinals
856 40 - ELECTRONIC LOCATION AND ACCESS
Uniform Resource Identifier http://site.ebrary.com/lib/rucke/Doc?id=10267255

No items available.

© 2026 Rongo University
Contact us: librarian | system librarian | Rongo university